• 首页
  • 本馆介绍
  • 公告通知
  • 最新文献
  • 馆藏检索
  • 电子资源
  • 读者导购
  • 参考咨询
  • 我的图书馆
  • 登录
  • 详细信息显示
  • 放入我的书架
  • 预约/预借图书
  • 作者相关作品
  • 分类相关作品
  • 丛书相关作品
  • 出版社相关作品

书目信息

  • 表格格式
  • 工作单格式
  • 卡片格式
题名:
血色年轮
    
 
作者: 贾兴权 编著
分册: 下卷  
出版信息: 北京   中国广播电视出版社  1995
页数: 914-1942页
开本: 20cm
丛书名:
单 册:
中图分类: K265.05 , I25
科图分类:
主题词: 抗日战争--大事记 , 报告文学--中国 , 传记文学--中国
电子资源:
ISBN: 7-5043-0965-6
000 00794nam0 2200265 450
001 1560443226
005 20150118165054.01
010    @a7-5043-0965-6@dCNY15.00
100    @a19960912d1995 em y0chiy0110 ea
101 0  @achi
102    @aCN@b110000
105    @ay z 000yy
200 1  @a血色年轮@9xue se nian lun@e中国抗战八年风云纪实@h下卷@f贾兴权编著
210    @a北京@c中国广播电视出版社@d1995
215    @a914-1942页@d20cm
314    @a贾兴权,安徽人民出版社任职
517 1  @a中国抗战八年风云纪实@9zhong guo kang zhan ba nian feng yun ji shi
606 0  @a抗日战争@x大事记
606 0  @a报告文学@x中国
606 0  @a传记文学@x中国
690    @aK265.05@v5
690    @aI25@v4
701  0 @a贾兴权@9jia xing quan@4编著
801  0 @aCN@bTSSF@c20150115
905    @aZUCC@dI25@eJY133:2
    
    血色年轮:中国抗战八年风云纪实.下卷/贾兴权编著.-北京:中国广播电视出版社,1995
    914-1942页;20cm
    
    
    ISBN 7-5043-0965-6:CNY15.00
    
●
相关链接 在E读中查询图书 在五车中查询图书 在当当中查询图书 在豆瓣中查询图书


正题名:血色年轮     索取号:I25/JY133:2         预约/预借

序号 登录号 条形码 馆藏地/架位号 状态 备注
1 7835349   278353498   学院路分馆/ [索取号:I25/JY133:2] 在馆    
2 7835352   278353522   学院路分馆/ [索取号:I25/JY133:2] 在馆    
3 7835353   278353531   学院路分馆/ [索取号:I25/JY133:2] 在馆    
4 7835354   278353540   学院路分馆/ [索取号:I25/JY133:2] 在馆    
唐山师范学院图书馆 欢迎您!
大连网信软件有限公司© 版权所有